Growing pains - no more squabbling, please (Record no. 72404)

MARC details
000 -LEADER
fixed length control field 01202cam a2200217 4500
001 - CONTROL NUMBER
control field ABS66511
008 - FIXED-LENGTH DATA ELEMENTS--GENERAL INFORMATION
fixed length control field 030401n2003 000 0 eng u
035 ## - SYSTEM CONTROL NUMBER
System control number (Sirsi) u121844
100 ## - MAIN ENTRY--PERSONAL NAME
Personal name Choat, R.
245 ## - TITLE STATEMENT
Title Growing pains - no more squabbling, please
260 ## - PUBLICATION, DISTRIBUTION, ETC.
Date of publication, distribution, etc. 2003
490 ## - SERIES STATEMENT
Series statement Construction Law Bulletin
Volume/sequential designation March 2003, 11-14(4)
520 ## - SUMMARY, ETC.
Summary, etc. Uses a series of cases and examples to illustrate how adjudication has developed in the five years since its introduction under the Housing Grants, Construction and Regeneration Act 1996 (the Construction Act 1996). Examples used are whether an employer's termination is a good reason for withholding payment and when an employer is entitled to withhold liquidated damages. Concludes that adjudication still has various problems to overcome, but it should be able to override these.
590 ## - LOCAL NOTE (RLIN)
Local note ABS
650 ## - SUBJECT ADDED ENTRY--TOPICAL TERM
Topical term or geographic name entry element MANAGEMENT-DISPUTE AVOIDANCE, MANAGEMENT AND RESOLUTION-DISPUTE MANAGEMENT AND RESOLUTION-ALTERNATIVE DISPUTE RESOLUTION-ADJUDICATION
650 ## - SUBJECT ADDED ENTRY--TOPICAL TERM
Topical term or geographic name entry element HOUSING GRANTS, CONSTRUCTION AND REGENERATION ACT 1996
650 ## - SUBJECT ADDED ENTRY--TOPICAL TERM
Topical term or geographic name entry element LIQUIDATED DAMAGES
650 ## - SUBJECT ADDED ENTRY--TOPICAL TERM
Topical term or geographic name entry element WITHHOLDING PAYMENT
690 ## - LOCAL SUBJECT ADDED ENTRY--TOPICAL TERM (OCLC, RLIN)
Topical term or geographic name as entry element Dispute resolution
9 (RLIN) 6236
942 ## - ADDED ENTRY ELEMENTS (KOHA)
Suppress in OPAC 0
Holdings
Withdrawn status Lost status Source of classification or shelving scheme Damaged status Not for loan Home library Current library Shelving location Date acquired Total Checkouts Full call number Barcode Date last seen Copy number Price effective from Koha item type
    Dewey Decimal Classification     London London Journal article 01/04/2003   ABS66511 121844-1001 06/08/2019 1 06/08/2019 Journal article